|
|
|
|
| LEADER |
00000naa2a2200000 4500 |
| 001 |
467895 |
| 005 |
20231228104408.0 |
| 035 |
|
|
|a (RuTPU)RU\TPU\prd\132908
|
| 035 |
|
|
|a RU\TPU\prd\132898
|
| 090 |
|
|
|a 467895
|
| 100 |
|
|
|a 20120217a2009 k y0rusy50 ca
|
| 101 |
0 |
|
|a rus
|
| 102 |
|
|
|a RU
|
| 200 |
1 |
|
|a Мониторинг промышленной эксплуатации катализаторов риформинга с использованием компьютерной моделирующей системы
|f Е. С. Шарова [и др.]
|
| 330 |
|
|
|a Развита методология построения нестационарных кинетич. моделей многокомпонентных каталитич. процессов превращения углеводородов на платиносодержащих КТ. Проведена оценка их кинетич. и технологических параметров в промышленном каталитич. риформинге. Система моделирования в производстве бензинов позволяет проводить тестирование и выбирать оптимальный КТ в зависимости от состава углеводородного перерабатываемого сырья. Разработанная методика тестирования основана на обработке результатов пром. эксплуатации платиносодержащих КТ риформинга с использованием компьютерной моделирующей системы. Она обеспечивает возможность оценки кинетич. параметров, прогнозирование селективности и длительности сырьевого цикла после регенерации КТ в условиях пром. эксплуатации с учетом реакционной способности углеводородов
|
| 461 |
|
1 |
|0 (RuTPU)RU\TPU\prd\49822
|t Катализ в промышленности / Catalysis in industry
|d 2007-
|
| 463 |
|
1 |
|0 (RuTPU)RU\TPU\prd\68971
|t № 3
|v С. 29-34, 3
|d 2009
|
| 610 |
1 |
|
|a труды учёных ТПУ
|
| 701 |
|
1 |
|a Шарова
|b Е. С.
|c химик
|c доцент Томского политехнического университета, кандидат технических наук
|f 1984-
|g Екатерина Сергеевна
|3 (RuTPU)RU\TPU\pers\25019
|9 11152
|
| 701 |
|
1 |
|a Полубоярцев
|b Д. С.
|
| 701 |
|
1 |
|a Чеканцев
|b Н. В.
|c химик-технолог
|c доцент Томского политехнического университета, инженер, кандидат технических наук
|f 1985-
|g Никита Витальевич
|3 (RuTPU)RU\TPU\pers\25018
|
| 701 |
|
1 |
|a Кравцов
|b А. В.
|c химик-технолог
|c профессор-консультант Томского политехнического университета, доктор технических наук
|f 1938-
|g Анатолий Васильевич
|3 (RuTPU)RU\TPU\pers\19827
|
| 701 |
|
1 |
|a Иванчина
|b Э. Д.
|c химик
|c профессор Томского политехнического университета, доктор технических наук
|f 1951-
|g Эмилия Дмитриевна
|3 (RuTPU)RU\TPU\pers\24966
|
| 801 |
|
1 |
|a RU
|b 63413507
|c 20120215
|
| 801 |
|
2 |
|a RU
|b 63413507
|c 20120217
|g RCR
|
| 942 |
|
|
|c BK
|